Pokémon - Les attaques de Charmina - Statistiques

Statistiques générales
  • Ce quiz a été pris 17 fois
  • Le résultat moyen est 12 sur 21
Statistiques - réponses
Niveaux Types Noms des attaques % Correct
Départ Niveau 7 Psy Choc Mental
100%
Niveau 28 Combat Pied Voltige
100%
Départ Psy Psykoud'Boul
100%
Niveau 23 Psy Plénitude
89%
Départ Électrique Poing Éclair
89%
Départ Glace Poing Glace
89%
Départ Niveau 9 Combat Détection
78%
Départ Feu Poing Feu
78%
Niveau 42 Combat Contre
67%
Niveau 17 Combat Forte-Paume
67%
Niveau 53 Combat Riposte
56%
Départ Niveau 4 Psy Yoga
56%
Niveau 25 Normal Lire-Esprit
44%
Niveau 36 Psy Astuce Force
33%
Niveau 31 Normal Boost
33%
Niveau 20 Normal Puissance Cachée
22%
Niveau 12 Normal Ténacité
22%
Niveau 33 Normal Acupression
11%
Niveau 15 Normal Ruse
11%
Niveau 47 Normal Soin
11%
Départ Normal Patience
0%
Aucun quiz correspondant
Distribution des résultats
% des personnes avec chaque résultat
Percentile par nombre de réponses
Votre historique - résultats
Vous n’avez pas pris ce quiz